[Event "FRA-chT4 0506"]
[Site "Bretagne"]
[Date "2006.02.05"]
[Round "5"]
[White "Jambou, Gilbert"]
[Black "Abgrall, Herve"]
[Result "0-1"]
[WhiteElo "1760"]
[BlackElo "1720"]
[PlyCount "126"]
[EventDate "2005.10.16"]
[EventType "team"]
[EventRounds "7"]
[EventCountry "FRA"]
[SourceTitle "EXT 2007"]
[Source "ChessBase"]
[SourceDate "2006.11.23"]
[SourceVersion "1"]
[SourceVersionDate "2006.11.23"]
[SourceQuality "1"]

1. e4 c6 2. d4 d5 3. exd5 cxd5 4. c4 Nf6 5. Nc3 e6 6. cxd5 Nxd5 7. Nxd5 Qxd5 8. Nf3 Nc6 9. a3 Be7 10. Be2 Bf6 11. Be3 0-0 12. 0-0 Rd8 13. Qa4 Bd7 14. Bb5 a6 15. Bc4 Qd6 16. Qb3 Na5 17. Qc2 Nxc4 18. Qxc4 Rac8 19. Qb3 Bc6 20. Rfc1 Bd5 21. Qa4 Rc6 22. Qb4 Qxb4 23. axb4 Bxf3 24. gxf3 Rdc8 25. Rxc6 Rxc6 26. b5 Rd6 27. bxa6 bxa6 28. Ra2 h6 29. f4 Kh7 30. Kg2 Kg6 31. Ra5 Rb6 32. d5 Rd6 33. dxe6 fxe6 34. b3 Bc3 35. Rc5 Bb4 36. Rc1 a5 37. Rb1 Kf5 38. h3 Bd2 39. Kf3 Bb4 40. Rb2 Rd7 41. Rb1 Rb7 42. Rc1 Bd6 43. Rc6 Bc7 44. Rc3 Bd8 45. Rd3 Bf6 46. Bd2 Rb5 47. Be1 Be7 48. Bd2 Bb4 49. Be3 Rd5 50. Rxd5+ exd5 51. Bd4 g6 52. Bg7 h5 53. Be5 Bd2 54. Bc7 d4 55. Ke2 Bc3 56. Kd3 g5 57. fxg5 Kxg5 58. Bd8+ Kf4 59. Bh4 Kf3 60. Bg3 Bb2 61. Bc7 Bc3 62. Bg3 Kg2 63. h4 Kh3 0-1

[Event "Bretagne op-B"]
[Site "Queven"]
[Date "1999.??.??"]
[Round "3"]
[White "Jambou, Gilbert"]
[Black "Nadin, Jean Claude"]
[Result "1-0"]
[WhiteElo "1630"]
[BlackElo "1500"]
[PlyCount "57"]
[EventDate "1999.06.??"]
[EventType "swiss"]
[EventRounds "7"]
[EventCountry "FRA"]
[SourceTitle "EXT 2001"]
[Source "ChessBase"]
[SourceDate "2000.11.22"]
[SourceVersion "1"]
[SourceVersionDate "2000.11.22"]
[SourceQuality "1"]

1. e4 d6 2. d4 Nf6 3. Nc3 g6 4. f4 Bg7 5. Nf3 c5 6. dxc5 Qa5 7. Bd3 Qxc5 8. Qe2 0-0 9. Be3 Qa5 10. 0-0 Nc6 11. a3 Ng4 12. Bd2 Nd4 13. Nxd4 Bxd4+ 14. Kh1 Qh5 15. h3 Qc5 16. hxg4 Kg7 17. b4 Qc7 18. Nd5 Qd8 19. c3 e6 20. cxd4 Qh4+ 21. Kg1 exd5 22. f5 dxe4 23. Bxe4 Re8 24. Qf3 h5 25. fxg6 f5 26. Bxf5 hxg4 27. Bxg4 Bxg4 28. Qf7+ Kh8 29. g7+ 1-0